| 000 | 01261cam a2200373 a 4500 | ||
|---|---|---|---|
| 001 | 13647084 | ||
| 003 | OSt | ||
| 005 | 20140310181705.0 | ||
| 008 | 040707s2004 nyuab b 000 1 eng | ||
| 010 | _a 2004274996 | ||
| 020 | _a0439559634 (pbk.) | ||
| 040 |
_aDLC _cDLC _dDLC |
||
| 041 | 1 |
_aeng _hita |
|
| 042 | _alcac | ||
| 050 | 0 | 0 |
_aPZ 7 _b.St859 2004 |
| 082 | 0 | 0 |
_aKF _bSt5 2000 |
| 100 | _aStilton, Geronimo | ||
| 245 | 0 | 0 |
_aLost treasure of the emerald eye / _cGeronimo Stilton ; [illustrations by Matt Wolf, Mark Nithael, and Kat Stevens]. |
| 260 |
_aNew York : _bScholastic Inc., _c[c2004]. |
||
| 300 |
_a116 p. : _bcol. ill., maps ; _c20 cm. |
||
| 541 | _j1 | ||
| 541 | _j2 | ||
| 562 | _e2 | ||
| 650 | 1 |
_aMice _vFiction. _95352 |
|
| 650 | 1 |
_aJournalists _vFiction. _95353 |
|
| 650 | 1 |
_aBuried treasure _vFiction. _95354 |
|
| 650 | 1 |
_aIslands _vFiction. _95355 |
|
| 650 | 1 |
_aAdventure and adventurers _vFiction. _95356 |
|
| 650 | 1 |
_aHumorous stories. _93831 |
|
| 856 | 4 | 2 |
_3Publisher description _uhttp://www.loc.gov/catdir/description/schol051/2004274996.html |
| 906 |
_a7 _bcbc _corignew _d2 _encip _f20 _gy-gencatlg |
||
| 942 |
_2lcc _cBK-KF _kKF |
||
| 999 |
_c1284 _d1284 |
||